| 000 | 00365nam a22001457a 4500 | ||
|---|---|---|---|
| 020 | _a0713132728 | ||
| 040 | _cNUST | ||
| 082 | _a670.42 CHA | ||
| 100 | _aChapman,W.A.J | ||
| 245 | _aWorkshop Technology. Part-2 | ||
| 250 |
_a4th Edition _bIn Si Units |
||
| 260 |
_aNew Delhi: _bCBS PUBLISHER, _c2007. |
||
| 650 |
_aWorkshop Technology _962971 |
||
| 942 |
_2ddc _cBK |
||
| 999 |
_c593479 _d593479 |
||